000 00939nam a22001577a 4500
003 OSt
005 20150915102600.0
008 150915b xxu||||| |||| 00| 0 eng d
040 _cRUA
082 _aAGR UM 2002 B027 Or.1
100 _9492
_aUM, RITHY.
245 _aassessment of farmer's adoption of principles and techniques of ecological system of rice intensification case study in baphnom and kampongtrorbek district, preybeng (ការវាយតំលៃនូវការទទួលយករបស់កសិករនូវបច្ចេកទេសប្រព័ន្ធប្រពលវប្បកម្មស្រូវតាមគោលការណ៍ធម្មជាតិ ករណីសិក្សានៅស្រុកបាភ្នំ និង​ កំពង់ត្របែក ខេត្តព្រៃវែង)
260 _aPhnom Penh
_bRUA
_c2002
300 _a46p.
_bill.
_c29cm.
942 _2ddc
_cAGR
999 _c472
_d472